000 00559nam a2200217 i 4500
001 C2-0289698
003 PPAK
005 20180728022419.0
008 080828s2004 xx a|||| ||||| | may d
040 _aPPAK
_beng
_cPPAK
_erda
082 0 4 _a899.23
_223
090 0 0 _a899.23
_bWAR
_dKSS
245 0 0 _aWarta Gapena
_bOktober 2004
264 1 _c2004
300 _a16 pages :
_bcolour illustrations ;
_c30 cm
336 _2rdacontent
_atext
337 _2rdamedia
_aunmediated
338 _2rdacarrier
_avolume
650 1 0 _aMalay literature
942 _ddc
_cB
999 _c95073
_d95073